000 02254nam a2200361 i 4500
001 768714001
003 CO-MdFUSB
005 20251028170017.0
007 ta
008 251016t2020 -usao||| |||| 00| 0 eng d
020 _a978-1-953406-05-7
040 _aCO-MdFUSB
_bspa
_cCO-MdFUSB
_dCO-MdFUSBC
_erda
041 _aeng
082 _223
_a269.23
_bA837a
100 _aAtcheson, Wayne,
_eautor
245 _aThe Asbury Revival :
_bwhen God used students to wake a nation
_c/ Wayne Atcheson
264 1 _bSoncoast Publishing,
_aHartselle, AL :
_c[2020]
264 4 _c©2020
300 _a141 páginas
_b: ilustraciones (blanco y negro)
_c; 23 cm
336 _2rdacontent
_atexto
_btxt
337 _2rdamedia
_asin mediación
_bn
338 _2rdacarrier
_avolumen
_bnc
500 _aTabla de contenido traducida por la agencia catalogadora
505 _aLa primera visita del autor a Asbury -- Cómo comenzó: dos años y medio antes del avivamiento -- Se cancelan las clases -- La historia del presidente Dennis Kinlaw -- Martes en la noche, 11 p. m. — Han pasado 13 horas -- Jueves en la mañana — Han pasado 48 horas -- Viernes, 10:30 p. m. — Han pasado 84 horas. -- Sábado en la mañana — Han pasado 96 horas. -- Domingo en la mañana — Han pasado 120 horas. -- Las lágrimas continúan fluyendo después del avivamiento. -- La historia de Tim Philpot — El asombroso testimonio de un estudiante. -- La confesión de un profesor de Biblia en la capilla. -- El avivamiento se extiende por Estados Unidos — “Cuanto menos impresionante era el estudiante, más eficaz era como instrumento” -- Reflexiones sobre el avivamiento del presidente Kinlaw -- Durante meses, los estudiantes comparten y el avivamiento se extiende por las escuelas de todo el país -- El fuego del avivamiento se propaga poderosamente y de forma milagrosa -- David Perry emprende una cruzada de avivamiento de nueve meses.
563 _aRústico
653 _aAvivamientos religiosos — Estados Unidos
653 _aRenovación espiritual — Siglo XX
653 _aEstudiantes universitarios — influencia religiosa
653 _aHistoria del cristianismo contemporáneo
942 _cBK
945 _aJTF-925
999 _c71495
_d71495